| 000 | 00455nam a2200181Ia 4500 | ||
|---|---|---|---|
| 008 | 170705s9999 xx 000 0 und d | ||
| 020 | _a9780439451666 | ||
| 245 | _aPizza party! / | ||
| 245 | _cby Grace Maccarone ; illustrated by Emily Arnold McCully. | ||
| 260 | _aNew York : | ||
| 260 | _bScholastic, | ||
| 260 | _c1994 | ||
| 300 | _aunpaged : | ||
| 300 | _bcolor illustration ; | ||
| 300 | _c23cm. | ||
| 440 | _aHello reader! | ||
| 500 | _aBR | ||
| 999 |
_c337374 _d337374 |
||